La comtesse de segur nee Rostopchine : 1799-1874
Αποθηκεύτηκε σε:
| Κύριος συγγραφέας: | |
|---|---|
| Μορφή: | Βιβλίο |
| Γλώσσα: | French |
| Δημοσίευση: |
[Paris] :
Librairie Academique Perrin,
1999
|
| Θέματα: | |
| Ετικέτες: |
Προσθήκη ετικέτας
Δεν υπάρχουν, Καταχωρήστε ετικέτα πρώτοι!
|
MARC
| LEADER | 00000cam a2200000 i 4500 | ||
|---|---|---|---|
| 001 | 1/35505 | ||
| 008 | 030512s1999 fre d | ||
| 020 | |a 2-262-01518-X | ||
| 035 | |l 10069890 | ||
| 040 | |a GR-MY-UA |b gre |e aacr | ||
| 041 | 0 | |a fre | |
| 082 | 0 | |a 843.8 | |
| 100 | 1 | |a Diesbach, Ghislain de. | |
| 245 | 1 | 3 | |a La comtesse de segur nee Rostopchine : |b 1799-1874 / |c Ghislain de Diesbach |
| 260 | |a [Paris] : |b Librairie Academique Perrin, |c 1999 | ||
| 300 | |a 349 p. | ||
| 600 | 1 | 0 | |a Segur, Sophie, |c Comtesse de, |d 1799-1874. |
| 650 | 0 | 0 | |a Authors, French |y 19th century |x Biography. |
| 852 | |a INST |b RHODES |e 20030512 |h 843.8 DIE |p 005400020532 |q 005400020532 |t BK |y 0 | ||
| 901 | |a BIBL4-2003-2 | ||
| 909 | |a Ρ |b 101757 | ||
| 970 | |a ΚΟΥΛΑΚΙΟΤΗ |b ΛΙΤΣΑ |z 2003/05/12 | ||